000 01052cab a22002055a 4500
001 L141992
008 080117s2007 xxkad f s 000 0 eng d
035 _a(Sirsi) u141992
041 0 _aeng
100 1 _aTebbitts, Giles
245 0 0 _aIndustrial market
_bshort term concerns, long term ambitions
260 _c2007
490 0 _aProperty Forecast
_v10(12) December 2007, 14-15(2)
520 _aExamines issues affecting the industrial property market including: the immediate concerns of the investment market; the occupier market; development plans at Heathrow and London Gateway. Forecasts for industrial property total returns in 2008 have been revised down to -3.4% per annum. Concludes that despite concerns about the industrial investment market, activity at Heathrow and the huge investment in the London Gateway, mean that long term market prospects are good.
590 _aKA
651 4 _aUnited Kingdom
_y
690 _aPROPERTY-COMMERCIAL PROPERTY-COMMERCIAL PROPERTY MARKET
690 _aPROPERTY-INDUSTRIAL PROPERTY
942 _n0
999 _c79693
_d79693